| 000 | 01024nas a2200361 4500 | ||
|---|---|---|---|
| 001 | BR0402712 | ||
| 003 | BR-BrBNA | ||
| 005 | 20231205104548.0 | ||
| 007 | ta | ||
| 008 | 230509b bl.|||p| |||| 00| 00por d | ||
| 040 |
_aBR-BrBNA _bpor _cBiblioteca Nacional de Agricultura |
||
| 041 | _a(Pt) | ||
| 072 | _aF02 | ||
| 100 | 1 | _aPio, R. | |
| 100 | 1 | _aGontijo, T.C.A. | |
| 100 | 1 | _aChalfun, N.N.J. | |
| 100 | 1 | _aRamos, J.D. | |
| 100 | 1 | _aToledo, M. | |
| 100 | 1 | _aCarrijo, E.P. | |
| 245 | 1 | _aDiferentes substratos e presença de gema apical no enraizamento de mini-estacas de figueira oriundas da desbrota | |
| 650 | _aFIGO | ||
| 650 | _aENRAIZAMENTO DE ESTACA | ||
| 650 | _aSUBSTRATO DE CULTURA | ||
| 650 | _aGEMA | ||
| 650 | _aESTUFA | ||
| 650 | _aFOLHA | ||
| 650 | _aRAÍZ | ||
| 650 | _aTUTORAMENTO | ||
| 650 | _aDESBROTA | ||
| 773 | 0 |
_tRevista Científica Rural (Brazil) _xISSN 1413-8263 _g(2003), v. 8(2) p. 130-135 _wBR0402712 |
|
| 909 |
_a202311 _bLúcia _c55 _dLúcia Elande |
||
| 942 |
_2AGRIS _n0 _cANA |
||
| 999 |
_c178728 _d178728 |
||